00279nam a2200109Ia 4500003000400000008004100004100001800045245004800063260003200111300000800143650001800151OSt191201s2007 xx 000 0 und d aRONHUBBARD, L 0aDianetics, Modern Science of Mental Health  aN. delhibHubbard Pubc2007 a679 aGeneral Books